Romance Movies - Sudden Death - Statistics

General Stats
  • This quiz has been taken 205 times
    204 since last reset
  • The average score is 7 of 19
Answers on the Grid
Answers color-coded by a green-red scale on the quiz's grid according to % correct below.
Murder Mystery
Until Dawn
Leap Year
About Time
Die Hard
Sweet Home
The Proposal
The Spectacular Now
What If?
Before Midnight
Smile
The Age of Adaline
27 Dresses
Made of Honor
Midnight Sun
The Last Song
La La Land
She's the Man
Materialists
Atonement
Damsel
The Bad Guys
Five Feet Apart
Commando
The Notebook
War of the Roses
The Ugly Stepsister
Megan
Us
The Duff
 
Answer Stats
Answer % Correct
La La Land
76%
The Proposal
73%
27 Dresses
72%
The Notebook
72%
She's the Man
55%
Five Feet Apart
53%
About Time
41%
Leap Year
35%
Made of Honor
33%
The Age of Adaline
32%
Before Midnight
30%
The Duff
27%
The Last Song
27%
Atonement
23%
Materialists
21%
Midnight Sun
19%
What If?
15%
The Spectacular Now
14%
Murder Mystery
13%
No matching quizzes found
Score Distribution
Percent of People with Each Score
Percentile by Number Answered
Your Score History
You have not taken this quiz since the last reset